| 000 | 00393 a2200145 4500 | ||
|---|---|---|---|
| 001 | 125866 | ||
| 040 | _cEscola Canadense de Niteroi | ||
| 090 | _aDAN | ||
| 100 | _aNew York Department of Education | ||
| 245 | 1 | 0 | _aDanielson 2013 Rubric: Adapted to New York Department of Education Framework for Teaching Components |
| 250 | _a2013 | ||
| 260 | _aNew York | ||
| 362 | 0 | _a2013 | |
| 942 | _cREF | ||
| 999 |
_c125866 _d125866 |
||